Cargando...

THE SYRIAN CHRISTIANS OF KERALA

Detalles Bibliográficos
Autor principal: ZACHARIAH K C
Formato: Printed Book
Publicado: CHENNAI ORIENT LOGMAN 2006
Materias:
LEADER 00647nam a2200229 4500
020 |a 8125030093  |c 0.0 
082 |a 954.548 3 ZAC 
100 |a ZACHARIAH K C 
245 |a THE SYRIAN CHRISTIANS OF KERALA  |h ENGLISH 
250
260 |a CHENNAI  |b ORIENT LOGMAN  |c 2006 
300 |a 300 p  |f HB 
500 |a   
501 |a General 
538
590
630 |a KERALA 
650 |a THE SYRIAN CHRISTIANS OF KERALA 
700
942 |c BK 
999 |c 177978  |d 177978 
952 |0 0  |1 0  |4 0  |6 954_548000000000000_3_ZAC  |7 0  |9 191342  |a AGY  |b AGY  |g 0.00  |l 0  |o 954.548 3 ZAC  |p AGY2187  |r 2019-10-25  |w 2019-10-25  |y BK